000 nam a22 7a 4500
999 _c8723
_d8723
008 180119b ||||| |||| 00| 0 eng d
100 _aChaturvedi.R.
_95076
245 _aSocial Work Book
260 _aNew Delhi
_bArya
_c2008